000 00808nam a2200181 a 4500
001 000040269
005 20201002034025.0
008 130821s2013 xxuac 000 0 spa d
020 _a9781463710989
040 _aDO-SdBNP
_bspa
_cBNPHU
100 1 _aSloan Toraño, Randle
_966542
245 1 0 _aLabradores y desbandados 1898 :
_bcrónicas del Caribe Colonial /
_cRandle Sloan Toraño.
260 _aEstados Unidos de América :
_b[s.n.].,
_c2013.
300 _a234 p. :
_bil., retrs. ;
_c24 cm.
500 _aCrónicas de un emigrante español en Puerto Rico, un cabo rayadillo de la última década del siglo XIX, dedicándose al cultivo del café a agricultura, su fe cristiana, el amor a la tierra y a su familia criolla
504 _aBibliografía : p. 225 - 233
590 _aAtográfiado en la anteportada
999 _c39759
_d39759